LEADER 01176nam a2200277 i 4500 001 000000045288 003 CaOOAMICUS 005 20260520113814.0 008 101012s1990 xxk u000 u eng u 013 $a16458 020 $a1-85390-175-X 040 $aSeMil$bita 100 1 $aNichols, Aidan,$c.$0(OLS)http://semarc/name/19438 245 10$aHoly order :$bthe apostolic ministry from the New Testament to the second Vatican Council /$cAidan Nichols. 260 $aDublin :$bVeritas,$c1990. 300 $a187 p. ;$c22 cm. 490 0 $aOscott series ;$v5 650 4$aSacerdozio - Storia.$0(OLS)http://semarc/subject/2314 830 0$aOscott series ;$v5.$0(OLS)http://semarc/title/8357 850 $aSeMil 852 $aSeMil$W1$xVenegono$y1$m2M II 19$j272299$B11443$CSeMilBibl$Z2$F11443 $81 961 $aAcquisto: Glossa (Libreria) 996 $6020$a1-85390-175-X$9(OLS)http://semarc/number/17449 996 $6245$aHoly order :$bthe apostolic ministry from the New Testament to the second Vatican Council$9(OLS)http://semarc/title/67290 996 $6260$aDublin :$bVeritas$9(OLS)http://semarc/publisher/31737